Jugadores Argentinos que jugaron en el Barça - Estadísticas

Estadísticas generales
  • Esta prueba ha sido intentada 143 veces
  • La puntuación promedio es 6 de 21
Estadísticas de respuestas
Hint Respuesta % Correcto
2005-2021 Leo Messi
100%
2010-2018 Mascherano
95%
1982-1984 Maradona
73%
2021 Aguero
71%
2002-2003 Juan Roman Riquelme
55%
2001-2004 Javier Saviola
54%
2007-2011 Gabriel Milito
52%
2005-2006 Maxi Lopez
34%
2003 Juan Pablo Sorín
27%
2001-2003 Roberto Bonano
17%
1998-1999 Mauricio Pellegrino
3%
1983-1984 Jorge Gabrich
2%
1959-1961 Carlos Medrano
1%
1977-1984 Rafael Zuviría
1%
1972-1976 Bernardo Cos
0%
1947-1949 Florencio Caffaratti
0%
1949-1950 Humberto Gimenez
0%
1948-1951 Marcos Aurelio
0%
1909-1914 Mariano Bori
0%
1948-1952 Mateo Nicolau
0%
1939-1940 Pedro Pascual
0%
No se encontraron pruebas coincidentes
Distribución de puntuación
Porcentaje de gente con cada puntuación
Porcentaje por número respondido
Historial de tus puntuaciones
No has intentado esta prueba.